000 00678nam a2200253Ia 4500
003 OSt
005 20221005085424.0
006 a|||||r|||| 00| 0
007 ta
008 221004b |||||||| |||| 00| 0 eng d
024 _a66880
037 _cTextual
040 _aCRL
_cCRL
_beng
041 _2eng
_aeng
082 _aV6.N60<-N45g, M3
100 _aCook Chris
245 0 _aAfrican political facts since 1945
260 _aNew York
_bFacts on file
_c1983
300 _a263p
_ccm.
650 _aHISTORY
700 _a Killingray David
_9408863
942 _hV6.N60<-N45g, M3
_cTEXL
_2cc
999 _c994209
_d994209